二桁盗塁経験のある現役選手(2026) - Statistics

General Stats
  • This quiz has been taken 61 times
  • The average score is 52 of 76
Answer Stats
現所属 達成年 選手名 % Correct
阪神 2019~25年 近本光司
98%
阪神 2021~23,25年 中野拓夢
94%
巨人 2008,10,12~17年 坂本勇人
94%
日本ハム 2013~22,24年 西川遥輝
94%
オリックス 2024年 西川龍馬
94%
西武 2025年 西川愛也
94%
ロッテ 2015,19,21~24年 岡大海
94%
ソフトバンク 2019~25年 周東佑京
91%
DeNA 2024年 牧秀悟
89%
巨人 2012~19年 丸佳浩
89%
中日 2022~25年 岡林勇希
87%
中日 2025年 田中幹也
87%
ヤクルト 2014~19年,22年 山田哲人
87%
ソフトバンク 2013~18年 柳田悠岐
87%
ソフトバンク 2014年 中村晃
87%
楽天 2018年 田中和基
87%
阪神 2022,25年 佐藤輝明
85%
ソフトバンク 2013,14,17年 今宮健太
85%
楽天 2019,20,22~25年 辰己涼介
85%
楽天 2025年 佐藤直樹
85%
西武 2017~22,24年 源田壮亮
85%
中日 2017~19年,25年 上林誠知
83%
広島 2013~16,18,19年 菊池涼介
83%
日本ハム 2013~20,22年 中島卓也
83%
楽天 2025年 中島大輔
83%
中日 2012~22年 大島洋平
81%
西武 2016~18,21,22,25年 桑原将志
81%
西武 2017~20,22~24年 外崎修汰
81%
巨人 2018,20,22,24年 吉川尚輝
79%
ヤクルト 2020~22年 塩見泰隆
79%
ソフトバンク 2019,21,22,25年 牧原大成
77%
楽天 2020,22~25年 小深田大翔
77%
阪神 2018,19,21年 植田海
74%
広島 2012,13,15~19年 秋山翔吾
74%
DeNA 2017~19年 京田陽太
72%
広島 2024年 矢野雅哉
70%
日本ハム 2023~25年 五十幡亮汰
70%
阪神 2022年 島田海吏
68%
西武 2024年 長谷川信哉
68%
ロッテ 2020~23年 和田康士朗
66%
ロッテ 2022~25年 髙部瑛斗
66%
阪神 2019年 梅野隆太郎
64%
DeNA 2024年 梶原昂希
64%
巨人 2022~24年 松本剛
64%
広島 2013,20年 堂林翔太
64%
ソフトバンク 2022,25年 野村勇
64%
ソフトバンク 2024年 近藤健介
64%
楽天 2012,13,15年 浅村栄斗
64%
楽天 2023年 村林一輝
64%
広島 2024,25年 小園海斗
62%
ロッテ 2025年 藤原恭大
62%
DeNA 2025年 林琢真
60%
ヤクルト 2024,25年 岩田幸宏
60%
オリックス 2022,25年 中川圭太
57%
楽天 2023~25年 小郷裕哉
57%
巨人 2023年 門脇誠
55%
ヤクルト 2023,24年 並木秀尊
55%
ロッテ 2018,21年 藤岡裕大
55%
広島 2017~19年 野間峻祥
53%
ヤクルト 2016,18年 茂木栄五郎
53%
ロッテ 2024年 友杉篤輝
53%
ロッテ 2024年 小川龍成
53%
DeNA 2018,19年 神里和毅
51%
巨人 2019,20,22年 増田大輝
51%
日本ハム 2024年 田宮裕涼
51%
DeNA 2021~23,25年 三森大貴
49%
DeNA 2023年 関根大気
49%
オリックス 2016年 西野真弘
47%
巨人 2021年 若林楽人
40%
オリックス 2018,19年 大城滉二
38%
日本ハム 2025年 矢澤宏太
36%
オリックス 2025年 麦谷祐介
30%
日本ハム 2022年 淺間大基
21%
西武 2021年 髙松渡
21%
西武 2025年 瀧澤夏央
19%
ロッテ 2022,23年 山﨑剛
15%
No matching quizzes found
Score Distribution
Percent of People with Each Score
Percentile by Number Answered
Your Score History
You have not taken this quiz